| 000 | 00540nam a22001575i 4500 | ||
|---|---|---|---|
| 001 | 54894 | ||
| 003 | ES-MaACL | ||
| 007 | t| | ||
| 008 | 960730s1862 fr ||||1| fre d | ||
| 040 |
_aCAM _bspa _cCAM |
||
| 100 | 1 |
_aGarand, Charles. _953916 |
|
| 245 | 1 | 4 |
_aLes étrangleurs de l'Inde _b: drame en cinq actes et neuf tableaux; dont un prologue / _cpar Charles Garand. |
| 260 |
_aParis : _bMichel Lévy Frères libraires éditeurs, _c1862 ( _fImprimerie de L. Toinon et cie) |
||
| 300 |
_a112 p. ; _c20 cm. |
||
| 852 |
_aES-MaACL _jT-734-F-4 |
||
| 999 |
_c54894 _d54894 |
||